000 00650nam a2200253Ia 4500
003 OSt
005 20220918185130.0
006 a|||||r|||| 00| 0
007 ta
008 220917b |||||||| |||| 00| 0 eng d
024 _a49,726
037 _cTextual
040 _aARTS
_cARTS
_beng
041 _2eng
_aeng
082 _aP:20aY:386, L7
100 _aHawkes Terence
_954455
245 0 _aStructuralism and semiotics
260 _aLondon
_bMethuen
_c1977
300 _a192p.
_ccm.
490 _aNew accents
650 _aLINGUISTICS
942 _hP:20aY:386, L7
_cTEXL
_2CC
999 _c179348
_d179348